[Event "SVK-ch U16"]
[Site "Liptovsky Mikulas"]
[Date "2017.04.28"]
[Round "9"]
[White "Turanec, Daniel"]
[Black "Ciglian, Michal"]
[Result "0-1"]
[WhiteElo "1712"]
[BlackElo "1422"]
[PlyCount "74"]
[EventDate "2017.04.22"]
[EventType "swiss"]
[EventRounds "9"]
[EventCountry "SVK"]
[SourceTitle "CBM 178 Extra"]
[Source "ChessBase"]
[SourceDate "2017.06.22"]
[SourceVersion "1"]
[SourceVersionDate "2017.06.22"]
[SourceQuality "1"]

1. e4 e5 2. Nf3 Nc6 3. Bc4 Bc5 4. c3 Nf6 5. d3 d6 6. b4 Bb6 7. a4 a6 8. Bg5 0-0 9. 0-0 Be6 10. Nbd2 h6 11. Bh4 Qe7 12. Qb3 Bxc4 13. Nxc4 Qe6 14. Qb2 Ba7 15. b5 Ne7 16. Rfb1 Nh5 17. a5 axb5 18. Qxb5 Nf4 19. Bxe7 Qxe7 20. Ne3 Ne2+ 21. Kf1 Nxc3 22. Nd5 Nxd5 23. Qxd5 Qe6 24. Rxb7 Qxd5 25. exd5 f5 26. Ra2 e4 27. dxe4 fxe4 28. Ng1 Rf5 29. Rc2 Rxd5 30. Rcxc7 Bd4 31. Ne2 Bf6 32. Nf4 Rdxa5 33. g4 Ra1+ 34. Kg2 R1a2 35. Nh5 Bd4 36. Nxg7 Rxf2+ 37. Kg3 Ra3+ 0-1

[Event "SVK-ch U16"]
[Site "Liptovsky Mikulas"]
[Date "2017.04.27"]
[Round "8"]
[White "Verbovsky, Michal"]
[Black "Turanec, Daniel"]
[Result "1-0"]
[WhiteElo "1791"]
[BlackElo "1712"]
[PlyCount "131"]
[EventDate "2017.04.22"]
[EventType "swiss"]
[EventRounds "9"]
[EventCountry "SVK"]
[SourceTitle "CBM 178 Extra"]
[Source "ChessBase"]
[SourceDate "2017.06.22"]
[SourceVersion "1"]
[SourceVersionDate "2017.06.22"]
[SourceQuality "1"]

1. e4 e6 2. d4 d5 3. e5 c5 4. c3 Nc6 5. Nf3 Qb6 6. Be2 cxd4 7. cxd4 Bb4+ 8. Nc3 Bd7 9. 0-0 Rc8 10. Na4 Qc7 11. a3 Ba5 12. b4 Bb6 13. Be3 Nge7 14. Rc1 Qd8 15. Bd3 Ng6 16. Nc5 Rc7 17. Ng5 Bc8 18. Qh5 Nce7 19. Bb5+ Kf8 20. Bd3 Bxc5 21. bxc5 Bd7 22. f4 h6 23. Nf3 Nf5 24. Bxf5 exf5 25. Rb1 Ne7 26. Bd2 Nc6 27. Rb2 g6 28. Qh3 Kg7 29. Rfb1 Bc8 30. Qg3 Re7 31. Qf2 Rhe8 32. Bc3 Re6 33. Ne1 g5 34. Nc2 Rg6 35. Ne3 g4 36. g3 h5 37. Ng2 Ne7 38. Nh4 Ra6 39. Bb4 Ng6 40. Kg2 Ree6 41. Nxf5+ Kh7 42. Nd6 Ne7 43. Nxf7 Qd7 44. Ng5+ Kg6 45. Nxe6 Qxe6 46. Qd2 Nf5 47. Rb3 h4 48. Rh1 Qf7 49. Rc3 Kg7 50. Rhc1 Bd7 51. Kg1 Rh6 52. c6 bxc6 53. Bc5 Qh5 54. Qg2 a6 55. Rb1 Kf7 56. Rb7 Ke6 57. Ra7 Qe8 58. Rb3 hxg3 59. hxg3 Rh3 60. Rxa6 Qg6 61. Rab6 Qe8 62. Rb8 Qg6 63. Rf8 Nxg3 64. Rf6+ Qxf6 65. exf6 Rh1+ 66. Qxh1 1-0

[Event "SVK-ch U16"]
[Site "Liptovsky Mikulas"]
[Date "2017.04.25"]
[Round "5"]
[White "Turanec, Daniel"]
[Black "Stolar, Pavol"]
[Result "1-0"]
[WhiteElo "1712"]
[BlackElo "1321"]
[PlyCount "79"]
[EventDate "2017.04.22"]
[EventType "swiss"]
[EventRounds "9"]
[EventCountry "SVK"]
[SourceTitle "CBM 178 Extra"]
[Source "ChessBase"]
[SourceDate "2017.06.22"]
[SourceVersion "1"]
[SourceVersionDate "2017.06.22"]
[SourceQuality "1"]

1. e4 e5 2. Nf3 Nc6 3. Bc4 Bc5 4. c3 Nf6 5. d3 d6 6. b4 Bb6 7. a4 a6 8. Be3 Bxe3 9. fxe3 Bg4 10. 0-0 0-0 11. Nbd2 h6 12. Qb3 Qe7 13. h3 Be6 14. Rad1 Rad8 15. d4 Bxc4 16. Qxc4 Rfe8 17. d5 Na7 18. b5 a5 19. Rb1 b6 20. Qe2 Nh7 21. Qf2 Qf6 22. Qg3 Qg6 23. Qe1 Nf6 24. Nh4 Qh7 25. Qf2 Rd7 26. Nf5 Nc8 27. c4 Ne7 28. Qg3 Nxf5 29. exf5 Ree7 30. Qh4 Kh8 31. Kh2 Kg8 32. Rf2 Re8 33. Rg1 Kh8 34. g4 Ng8 35. g5 h5 36. g6 Qh6 37. Rg5 Nf6 38. Rfg2 Rg8 39. Ne4 fxg6 40. fxg6 1-0

[Event "SVK-ch U16"]
[Site "Liptovsky Mikulas"]
[Date "2017.04.23"]
[Round "2"]
[White "Taragel, Marian"]
[Black "Turanec, Daniel"]
[Result "1/2-1/2"]
[WhiteElo "1378"]
[BlackElo "1712"]
[PlyCount "93"]
[EventDate "2017.04.22"]
[EventType "swiss"]
[EventRounds "9"]
[EventCountry "SVK"]
[SourceTitle "CBM 178 Extra"]
[Source "ChessBase"]
[SourceDate "2017.06.22"]
[SourceVersion "1"]
[SourceVersionDate "2017.06.22"]
[SourceQuality "1"]

1. e4 e6 2. d4 d5 3. e5 c5 4. c3 Nc6 5. Nf3 cxd4 6. cxd4 Qb6 7. a3 Nge7 8. Bd3 Ng6 9. Bc2 Bd7 10. Nc3 Be7 11. 0-0 0-0 12. b4 Rac8 13. Na4 Qc7 14. Bb2 Nxb4 15. Bxg6 fxg6 16. axb4 Bxb4 17. Rc1 Qa5 18. Ra1 Qb5 19. Qb3 Rc4 20. Rfc1 Rfc8 21. Rxc4 Rxc4 22. h3 a5 23. Kh2 Qc6 24. Ng1 b5 25. Nc5 Bxc5 26. dxc5 Qxc5 27. Rxa5 Qxf2 28. Ra8+ Kf7 29. Ba3 Qf4+ 30. Qg3 Qxg3+ 31. Kxg3 b4 32. Bb2 Rc2 33. Bd4 g5 34. Ra7 Ke8 35. Rb7 Rc4 36. Nf3 h6 37. Bb2 Kd8 38. Nd4 Kc8 39. Ra7 g6 40. Ra6 Kc7 41. Nxe6+ Bxe6 42. Rxe6 Rc2 43. Bd4 b3 44. Rd6 b2 45. Bxb2 Rxb2 46. Rxd5 Rb6 47. Kg4 1/2-1/2

[Event "SVK-chT3B2 1617"]
[Site "Slovakia"]
[Date "2017.01.15"]
[Round "6.6"]
[White "Turanec, Daniel"]
[Black "Lukac, Jozef"]
[Result "0-1"]
[WhiteElo "1697"]
[BlackElo "1565"]
[PlyCount "82"]
[EventDate "2016.10.16"]
[EventType "team-tourn"]
[EventRounds "11"]
[EventCountry "SVK"]
[SourceTitle "EXT 2018"]
[Source "ChessBase"]
[SourceDate "2017.10.13"]
[SourceVersion "1"]
[SourceVersionDate "2017.10.13"]
[SourceQuality "1"]
[WhiteTeam "Povazske Podhradie II"]
[BlackTeam "Lehota pod Vtacnikom"]
[WhiteTeamCountry "SVK"]
[BlackTeamCountry "SVK"]

1. e4 e5 2. Nf3 Nf6 3. Nxe5 d6 4. Nf3 Nxe4 5. d3 Nf6 6. g3 Nc6 7. Nc3 Qe7+ 8. Qe2 Bg4 9. Qxe7+ Bxe7 10. Bg2 0-0-0 11. 0-0 Nd7 12. Re1 Rde8 13. Be3 Bf6 14. Nd5 Bxb2 15. Rab1 Bf6 16. Rb3 Bxf3 17. Bxf3 Nd4 18. Nxf6 Nxf3+ 19. Kf1 gxf6 20. Reb1 b6 21. Kg2 Rxe3 22. Ra3 Nd2 23. Rb4 Re5 24. d4 Ra5 25. Re3 c5 26. dxc5 Rxc5 27. Rd4 Nc4 28. Re7 Nde5 29. Rxa7 Kb8 30. Ra4 Kb7 31. f4 Ne3+ 32. Kf2 N5c4 33. Re4 Rf8 34. Re7+ Kc6 35. Raa7 Ra5 36. Rac7+ Kd5 37. Kf3 Rxa2 38. c3 Ra3 39. Kf2 Rxc3 40. h3 Ra8 41. Rxe3 Rxe3 0-1

[Event "SVK-chT3B2 1617"]
[Site "Slovakia"]
[Date "2016.10.30"]
[Round "2.6"]
[White "Turanec, Daniel"]
[Black "Flak, Lubomir"]
[Result "1-0"]
[WhiteElo "1541"]
[BlackElo "1670"]
[PlyCount "92"]
[EventDate "2016.10.16"]
[EventType "team-tourn"]
[EventRounds "11"]
[EventCountry "SVK"]
[SourceTitle "CBM 175 Extra"]
[Source "ChessBase"]
[SourceDate "2016.12.12"]
[SourceVersion "1"]
[SourceVersionDate "2016.12.12"]
[SourceQuality "1"]
[WhiteTeam "Povazske Podhradie II"]
[BlackTeam "Handlova"]
[WhiteTeamCountry "SVK"]
[BlackTeamCountry "SVK"]

1. e4 e6 2. d4 d5 3. Nd2 Nf6 4. e5 Nfd7 5. Bd3 c5 6. c3 Nc6 7. Ne2 cxd4 8. cxd4 Qb6 9. Nb3 Bb4+ 10. Bd2 Bxd2+ 11. Qxd2 0-0 12. 0-0 a5 13. Rac1 Qb4 14. Qc2 g6 15. a3 Qe7 16. Bb5 Ndb8 17. Nc5 Na7 18. Nc3 b6 19. N5a4 Nxb5 20. Nxb5 Ba6 21. Nc7 Bxf1 22. Nxa8 Bb5 23. N8xb6 Nc6 24. Qc3 Qa7 25. Qc5 Bxa4 26. Nxa4 Qxc5 27. Rxc5 Nxd4 28. Rxa5 Nc6 29. Rc5 Nxe5 30. b4 Ra8 31. Ra5 Rc8 32. Rc5 Rd8 33. b5 Nc4 34. b6 Nxa3 35. b7 Kg7 36. Rc8 Rd7 37. b8Q Nc4 38. Nb6 Nxb6 39. Qxb6 d4 40. Rc1 e5 41. Qa5 Re7 42. f3 Kh6 43. Kf2 f5 44. Rc7 Re6 45. Qd2+ g5 46. h4 f4 1-0